Teaching of yoga / (Record no. 148068)

MARC details
000 -LEADER
fixed length control field 00601nam a22001937a 4500
005 - DATE AND TIME OF LATEST TRANSACTION
control field 20171219142530.0
010 ## - LCCN (DPL NO)
LC control number ENG-121915
020 ## - INTERNATIONAL STANDARD BOOK NUMBER
International Standard Book Number 9789384864200
Terms of availability 960.00
035 ## - SYSTEM CONTROL NUMBER
System control number EN-105447
037 ## - SOURCE OF ACQUISITION
Source of stock number/acquisition DBAD/PUB
100 ## - MAIN ENTRY--PERSONAL NAME
Personal name Kadyaan,Naveen Kumar
245 ## - TITLE STATEMENT
Title Teaching of yoga /
Statement of responsibility, etc by Naveen Kumar Kadyaan
260 ## - PUBLICATION, DISTRIBUTION, ETC. (IMPRINT)
Place of publication, distribution, etc New Delhi
Name of publisher, distributor, etc Nisha Scientific
Date of publication, distribution, etc 2016
270 ## - ADDRESS
Address 5C/41,2nd floor, new Rothak road Karol Bagh
City New Delhi
Postal code 110005
300 ## - PHYSICAL DESCRIPTION
Extent viii,250p.
Other physical details ill.
Dimensions 23cm(Hb)
500 ## - GENERAL NOTE
General note Includes index
700 ## - ADDED ENTRY--PERSONAL NAME
Personal name Kadyaan,Naveen Kumar
942 ## - ADDED ENTRY ELEMENTS (KOHA)
Source of classification or shelving scheme Dewey Decimal Classification
Item type English Books
Classification part 613.704607
Call number suffix KAD
Holdings
Withdrawn status Lost status Not for loan Collection code Home library Current library Date acquired Source of acquisition Cost, normal purchase price Full call number Barcode Copy number Cost, replacement price Koha item type
    Not For Loan Non-fiction D.B.Act.Division Bawana 19/12/2017 DBAD/PUB 960.00 613.704607 KAD EN-105447 1 960.00 English Books

© Delhi Public Library
Hit Counter
free hit counter